000 01244nam a22003017a 4500
999 _c65764
_d65764
005 20240530110842.0
008 200914s2020 ua g b 000 0 ara d
017 _a2019/15882
_bمصر. دار الكتب
020 _a9789770532706
040 _aEG-CaGPL
_cEG-CaGPL
082 0 4 _221
_a306.42/
_bس ف
100 1 _aسويدبرج، ريتشارد
245 1 0 _aفن النظرية الاجتماعية /
_cريتشارد سويدبرج ؛ ترجمة خالد عبدالفتاح ...[وآخ]
260 _aالقاهرة :
_bمكتبة الانجلو المصرية ،
_c2020.
300 _a310 ص. ؛
_c24 سم.
504 _aيشتمل على ارجاعات ببليوجرافية
650 0 7 _2qrmak
_aالاتصال
_xعلم اجتماع
650 0 7 _2qrmak
_aعلم اجتماع المعرفة
650 0 7 _2qrmak
_aالحركات الاجتماعية
651 _2qrmak
653 0 _aالتنظير - علم اجتماع
700 0 _aخالد عبدالفتاح
_eمترجم
700 0 _aخالد كاظم ابو دوح
_eمترجم
700 0 _aنيفين زكريا محمد امين
_eمترجم
700 0 _aوليد رشاد زكى
_eمترجم
942 _2ddc
_cBK